[Event "Obro International 2022"]
[Site "Copenhagen"]
[Date "2022.08.23"]
[Round "3.7"]
[White "Jacobsen, Mikkel Manosri"]
[Black "Rostgaard, Tobias Valentin"]
[Result "0-1"]
[WhiteElo "2320"]
[BlackElo "2332"]
[PlyCount "108"]
[EventDate "2022.08.22"]
[EventType "swiss"]
[EventRounds "9"]
[EventCountry "DEN"]

1. d4 Nf6 2. Nc3 d5 3. Bf4 e6 4. Nb5 Na6 5. e3 c6 6. Nc3 Bb4 7. Bxa6 bxa6 8.
Nge2 O-O 9. a3 Be7 10. h3 c5 11. O-O Bd7 12. Re1 Qb6 13. Rb1 Rfd8 14. Be5 Be8
15. Nf4 Nd7 16. Qg4 Nxe5 17. dxe5 Qc7 18. Nh5 Bf8 19. f4 Bc6 20. Ne2 Kh8 21.
Kh1 Rab8 22. c3 Ba4 23. b4 Bc2 24. Rbc1 Bf5 25. Qh4 a5 26. g4 Be4+ 27. Kh2 axb4
28. cxb4 c4 29. Nd4 a5 30. b5 Be7 31. Qg3 Bxa3 32. f5 exf5 33. gxf5 Rg8 34. Nf4
Rbe8 35. e6 Bd6 36. b6 Qe7 37. Nc6 Qf6 38. exf7 Qxf7 39. Ng6+ Qxg6 40. fxg6
Bxg3+ 41. Kxg3 Re6 42. gxh7 Rg6+ 43. Kh4 Re8 44. Nd4 Rxb6 45. Ra1 Rh6+ 46. Kg4
Rg6+ 47. Kf4 Rf6+ 48. Kg4 Ref8 49. Rxa5 Rg6+ 50. Kh4 Kxh7 51. Rea1 Rg2 52. Ne6
Rf5 53. Ra8 Bf3 54. Nf8+ Rxf8 0-1

[Event "Obro International 2022"]
[Site "Copenhagen"]
[Date "2022.08.23"]
[Round "3.8"]
[White "Ravi, Rakshitta"]
[Black "Johansson, Thomas"]
[Result "1-0"]
[WhiteElo "2111"]
[BlackElo "2209"]
[PlyCount "71"]
[EventDate "2022.08.22"]
[EventType "swiss"]
[EventRounds "9"]
[EventCountry "DEN"]

1. e4 c5 2. Nf3 Nc6 3. Bb5 g6 4. O-O Bg7 5. c3 d6 6. d4 cxd4 7. cxd4 a6 8. Ba4
b5 9. Bb3 Nf6 10. h3 O-O 11. e5 Ne8 12. Ng5 d5 13. a4 b4 14. Bc2 Qb6 15. Be3 f6
16. Nxh7 f5 17. Nxf8 Bxf8 18. Nd2 Ng7 19. Nf3 a5 20. Nh4 Kf7 21. Qf3 b3 22. Bb1
Nb4 23. g4 e6 24. Qf4 Ba6 25. Qh6 Bxf1 26. Qxg6+ Kg8 27. Nxf5 Nc2 28. Nh6+ Kh8
29. Nf7+ Kg8 30. Ng5 Bd3 31. Qxd3 Nf5 32. Bxc2 bxc2 33. gxf5 Qxb2 34. Rc1 Rc8
35. f6 Qb7 36. Qg6+ 1-0

[Event "Obro International 2022"]
[Site "Copenhagen"]
[Date "2022.08.24"]
[Round "4.1"]
[White "Rozentalis, Eduardas"]
[Black "Korley, Kassa"]
[Result "1/2-1/2"]
[WhiteElo "2493"]
[BlackElo "2432"]
[PlyCount "153"]
[EventDate "2022.08.22"]
[EventType "swiss"]
[EventRounds "9"]
[EventCountry "DEN"]

1. e4 e5 2. Nf3 Nf6 3. Nxe5 d6 4. Nf3 Nxe4 5. Bd3 d5 6. O-O Be7 7. Re1 O-O 8.
Bxe4 dxe4 9. Rxe4 c5 10. d3 b6 11. Nc3 Bb7 12. Re1 Nc6 13. Bf4 Qd7 14. Ne5 Nxe5
15. Bxe5 Rfe8 16. Qh5 Rac8 17. Re3 Rc6 18. Rae1 Rh6 19. Qe2 Re6 20. Bf4 Bf6 21.
Rxe6 Rxe6 22. Qf1 h6 23. Rxe6 Qxe6 24. Qe2 Qxe2 25. Nxe2 Bxb2 26. Bb8 a6 27.
Ba7 c4 28. Bxb6 cxd3 29. cxd3 Bd5 30. a4 Bc6 31. a5 Bb5 32. f3 Bxd3 33. Kf2 f6
34. Ke3 Bc4 35. g4 Kf7 36. h4 g6 37. Bd4 Ba3 38. Bc3 Bc5+ 39. Bd4 Ba3 40. h5
gxh5 41. gxh5 Ke6 42. Bc3 Bc5+ 43. Bd4 Bd6 44. Nc3 Bb4 45. Ne4 f5 46. Bc3 Bf8
47. Ng3 Bc5+ 48. Kd2 f4 49. Ne4 Bf8 50. Bd4 Bb4+ 51. Bc3 Bf8 52. Bd4 Bb5 53.
Bc5 Bxc5 54. Nxc5+ Kf5 55. Ne4 Bc6 56. Nc5 Bxf3 57. Ke1 Bxh5 58. Kf2 Be8 59.
Nxa6 Bc6 60. Nb4 Ba8 61. a6 h5 62. Nd3 h4 63. Ne1 h3 64. Nf3 Kf6 65. a7 Kf5 66.
Nh2 Ke4 67. Nf3 Kd3 68. Nh2 Kd4 69. Ng4 Kc5 70. Kg1 Kb6 71. Nf2 Kxa7 72. Nxh3
f3 73. Ng5 Kb6 74. Kf2 Bb7 75. Ke3 f2 76. Ke2 f1=R 77. Kxf1 1/2-1/2

[Event "Obro International 2022"]
[Site "Copenhagen"]
[Date "2022.08.24"]
[Round "4.2"]
[White "Thuesen, Mogens Henrik"]
[Black "Hillarp Persson, Tiger"]
[Result "1/2-1/2"]
[WhiteElo "2230"]
[BlackElo "2514"]
[PlyCount "96"]
[EventDate "2022.08.22"]
[EventType "swiss"]
[EventRounds "9"]
[EventCountry "DEN"]

1. d4 Nf6 2. c4 e6 3. Nc3 Bb4 4. e3 O-O 5. Bd3 c5 6. Nf3 b6 7. O-O Bb7 8. Bd2
cxd4 9. exd4 d5 10. cxd5 Bxc3 11. bxc3 Qxd5 12. Rb1 Nbd7 13. Rb5 Qxa2 14. Ne5
Nxe5 15. Rxe5 Rac8 16. Bg5 Nd5 17. Qh5 f5 18. c4 Nf6 19. Bxf6 Rxf6 20. d5 Rh6
21. Qd1 Qa3 22. Rfe1 Qd6 23. h3 exd5 24. Bxf5 Rf8 25. cxd5 Rhf6 26. Be6+ Kh8
27. f3 b5 28. R5e4 a5 29. Qd4 h6 30. Ra1 a4 31. Rb1 Ba6 32. Qa7 Rf4 33. Bg4 a3
34. Re6 a2 35. Rf1 R4f7 36. Qxa6 Qc5+ 37. Kh1 Ra7 38. Qb6 Qxb6 39. Rxb6 a1=Q
40. Rxa1 Rxa1+ 41. Kh2 Rb1 42. d6 Rd8 43. Bf5 Rd1 44. d7 Rd5 45. g4 Rc5 46. Kg3
Kg8 47. h4 Kf7 48. h5 Rxf5 1/2-1/2

[Event "Obro International 2022"]
[Site "Copenhagen"]
[Date "2022.08.24"]
[Round "4.3"]
[White "Brynell, Stellan"]
[Black "Nilssen, John Arni"]
[Result "1/2-1/2"]
[WhiteElo "2387"]
[BlackElo "2334"]
[PlyCount "123"]
[EventDate "2022.08.22"]
[EventType "swiss"]
[EventRounds "9"]
[EventCountry "DEN"]

1. d4 g6 2. e4 Nf6 3. Nc3 c5 4. d5 d6 5. Nf3 Bg7 6. Bb5+ Nfd7 7. a4 O-O 8. O-O
Na6 9. Re1 Nc7 10. Bf1 b6 11. Bg5 h6 12. Bf4 Ne5 13. Nxe5 dxe5 14. Be3 Ne8 15.
a5 Bb7 16. Qd2 Kh7 17. axb6 axb6 18. b4 Rxa1 19. Rxa1 cxb4 20. Na4 f5 21. Qxb4
Nd6 22. Bxb6 Qa8 23. Ra3 fxe4 24. Nc5 Qc8 25. c4 e3 26. Rxe3 Nf5 27. Ne6 Rg8
28. Rh3 Bf6 29. Bd3 Qa8 30. Qb1 Nh4 31. Be4 Rc8 32. Rc3 Kh8 33. h3 Nf5 34. Qc1
Kh7 35. Be3 Nd6 36. f3 Nf5 37. Bf2 Nd4 38. Nxd4 exd4 39. Rb3 Bxd5 40. Bxd5 Qxd5
41. Qxh6+ Kxh6 42. cxd5 Rc1+ 43. Kh2 Rc5 44. Rd3 Rxd5 45. f4 e5 46. fxe5 Bxe5+
47. g3 Kg7 48. Kg2 Bf6 49. g4 g5 50. Kf3 Kg6 51. Ke4 Re5+ 52. Kf3 Rd5 53. Bg3
Rd7 54. Ke2 Re7+ 55. Kd2 Re3 56. Rxe3 dxe3+ 57. Kxe3 Be7 58. Ke4 Ba3 59. Ke5
Bb2+ 60. Ke6 Bc1 61. Be5 Ba3 62. Bd4 1/2-1/2

[Event "Obro International 2022"]
[Site "Copenhagen"]
[Date "2022.08.24"]
[Round "4.4"]
[White "Rostgaard, Tobias Valentin"]
[Black "Hamitevici, Vladimir"]
[Result "0-1"]
[WhiteElo "2332"]
[BlackElo "2473"]
[PlyCount "94"]
[EventDate "2022.08.22"]
[EventType "swiss"]
[EventRounds "9"]
[EventCountry "DEN"]

1. e4 c6 2. d4 d5 3. e5 Bf5 4. Nf3 e6 5. Be2 Ne7 6. Nbd2 h6 7. Nb3 Nd7 8. Be3
Bg6 9. O-O a6 10. Ne1 Nf5 11. Nd3 c5 12. Nf4 c4 13. Nxg6 fxg6 14. Nd2 Be7 15.
Nxc4 dxc4 16. Bxc4 Qb6 17. Qd3 O-O-O 18. Qe4 Rhf8 19. a4 a5 20. c3 Kb8 21. Bb5
Qc7 22. Qg4 g5 23. Qh5 Nb6 24. Qg6 Qc8 25. Rae1 Nd5 26. g3 Nc7 27. Bd3 Qd7 28.
Bc2 Nd5 29. Bc1 Rc8 30. Bb3 Bd8 31. Rd1 Bb6 32. Rd3 Rc6 33. Rf3 Nde7 34. Qh5 g6
35. Qg4 Rfc8 36. Be3 Bd8 37. Qe4 Rb6 38. Qc2 Nd5 39. g4 Nh4 40. Rg3 Nf4 41.
Bxf4 gxf4 42. Rd3 h5 43. f3 hxg4 44. fxg4 f3 45. Ba2 Bg5 46. Rdxf3 Nxf3+ 47.
Rxf3 Qxd4+ 0-1

[Event "Obro International 2022"]
[Site "Copenhagen"]
[Date "2022.08.24"]
[Round "4.5"]
[White "Ramsdal, Jens Albert"]
[Black "Marchena Hurtado, Javier"]
[Result "0-1"]
[WhiteElo "2304"]
[BlackElo "2350"]
[PlyCount "126"]
[EventDate "2022.08.22"]
[EventType "swiss"]
[EventRounds "9"]
[EventCountry "DEN"]

1. d4 Nf6 2. c4 g6 3. Nc3 Bg7 4. e4 d6 5. h3 O-O 6. Be3 e5 7. d5 a5 8. g4 Na6
9. Nge2 Nd7 10. Qd2 Bf6 11. g5 Bg7 12. Ng3 f6 13. gxf6 Bxf6 14. h4 Bxh4 15.
O-O-O Rf3 16. Kb1 Ndc5 17. Be2 Rf7 18. Rdg1 Bd7 19. Rh2 Qe7 20. Nh5 Raf8 21.
Bg4 Kh8 22. Bxd7 Nxd7 23. Rgh1 Bf6 24. Ng3 Kg8 25. Nb5 a4 26. Rh3 h5 27. Qd1
Rh7 28. Qg1 Kh8 29. Ne2 Rg8 30. Qg2 Ndc5 31. Rg3 Qf7 32. f4 Nd3 33. fxe5 Bxe5
34. Rf1 Qg7 35. Bd4 Nac5 36. Qh3 Bxd4 37. Nbxd4 Ne5 38. Nf4 Nxe4 39. Rg2 g5 40.
Nfe6 Qg6 41. Nf8 Nd2+ 42. Ka1 Qh6 43. Nxh7 Nxf1 44. Nxg5 Rxg5 45. Qc8+ Kh7 46.
Nf5 Qf6 47. Qxc7+ Qf7 48. Qxf7+ Nxf7 49. Rxg5 Nxg5 50. b4 Nd2 51. c5 dxc5 52.
bxc5 Nc4 53. Kb1 Kg6 54. c6 bxc6 55. Nh4+ Kf6 56. dxc6 Ke6 57. Kc2 Kd6 58. Kc3
Nb6 59. Kb4 Kxc6 60. Ka5 Kc5 61. a3 Ne4 62. Ng6 Nd2 63. Nf4 Ndc4+ 0-1

[Event "Obro International 2022"]
[Site "Copenhagen"]
[Date "2022.08.24"]
[Round "4.6"]
[White "Hilwerda, Jonas"]
[Black "Loftgaard, Mikkel Vinh"]
[Result "0-1"]
[WhiteElo "2273"]
[BlackElo "2238"]
[PlyCount "122"]
[EventDate "2022.08.22"]
[EventType "swiss"]
[EventRounds "9"]
[EventCountry "DEN"]

1. e4 c5 2. Nf3 e6 3. d4 cxd4 4. Nxd4 Nf6 5. Nc3 Nc6 6. Ndb5 Bb4 7. Bf4 Nxe4 8.
Qf3 d5 9. Nc7+ Kf8 10. Nxa8 Qa5 11. a3 Nxc3 12. Rc1 Bxa3 13. bxa3 Ne4+ 14. c3
e5 15. Be3 h5 16. Qe2 Nxc3 17. Qb2 Ne4+ 18. Bd2 Qd8 19. Bb4+ Kg8 20. Bb5 Bd7
21. Bxc6 Bxc6 22. Qxe5 Qxa8 23. f3 Nf6 24. O-O Rh6 25. Bc3 Rg6 26. Bd4 a5 27.
Rfe1 Qa6 28. Re3 Qb5 29. h3 Bd7 30. Kh2 a4 31. Bc5 Qa5 32. Bb4 Qb6 33. Bc5 Qa5
34. Bb4 Qb6 35. Re2 Bb5 36. Rd2 Bc6 37. Qe7 Qa7 38. Qf8+ Kh7 39. Re1 Bd7 40.
Qe7 Be6 41. Qc7 Qa6 42. Rd4 Qb5 43. Qc5 Qa6 44. Ba5 Nd7 45. Qc3 Qd6+ 46. f4 Bf5
47. Qf3 Nf6 48. Bb4 Qb8 49. Qe3 Be4 50. Re2 h4 51. Be1 Rg4 52. g3 hxg3+ 53.
Bxg3 Qc8 54. Qd2 Rg6 55. f5 Qxf5 56. Qf4 Qe6 57. Rb4 Nh5 58. Qh4 Rh6 59. Re3
Nf6 60. Rbxe4 dxe4 61. Qf4 Ng4+ 0-1

[Event "Obro International 2022"]
[Site "Copenhagen"]
[Date "2022.08.24"]
[Round "4.7"]
[White "Jacobsen, Mikkel Manosri"]
[Black "Ravi, Rakshitta"]
[Result "0-1"]
[WhiteElo "2320"]
[BlackElo "2111"]
[PlyCount "76"]
[EventDate "2022.08.22"]
[EventType "swiss"]
[EventRounds "9"]
[EventCountry "DEN"]

1. d4 Nf6 2. c4 e6 3. Nf3 d5 4. g3 Be7 5. Bg2 O-O 6. Nc3 dxc4 7. Ne5 Nc6 8.
Bxc6 bxc6 9. Nxc6 Qe8 10. Nxe7+ Qxe7 11. Qa4 c5 12. dxc5 Qxc5 13. Be3 Qc7 14.
f3 Bb7 15. O-O-O Nd5 16. Bd4 e5 17. Nxd5 Bxd5 18. Bc3 Be6 19. Rd2 Rfc8 20. Rhd1
Rab8 21. Qa6 h6 22. e4 Qc5 23. f4 Qe3 24. f5 Bd7 25. Qd6 Ba4 26. Qxe5 f6 27.
Qe6+ Kh7 28. Qf7 Rxb2 29. Bxf6 Rc2+ 30. Kb1 Qb6+ 31. Ka1 Qxf6+ 32. Qxf6 gxf6
33. Rd6 c3 34. Rb1 Rd2 35. Rxf6 c2 36. Rb7+ Bd7 37. Kb2 c1=Q+ 38. Kb3 Qc3# 0-1

[Event "Obro International 2022"]
[Site "Copenhagen"]
[Date "2022.08.24"]
[Round "4.8"]
[White "Schmidt, Kristen"]
[Black "Hector, Jonny"]
[Result "1/2-1/2"]
[WhiteElo "2273"]
[BlackElo "2463"]
[PlyCount "103"]
[EventDate "2022.08.22"]
[EventType "swiss"]
[EventRounds "9"]
[EventCountry "DEN"]

1. e4 e5 2. Nf3 Nc6 3. Bc4 Nf6 4. d4 exd4 5. e5 Ng4 6. O-O d6 7. exd6 cxd6 8.
Nxd4 Be7 9. Nc3 O-O 10. Nd5 Bh4 11. c3 Re8 12. Bf4 Nge5 13. Be2 a6 14. Nf3
Nxf3+ 15. Bxf3 Ne5 16. Be2 Bf5 17. Qd2 Rc8 18. Rfe1 Be4 19. Rad1 Rc5 20. Ne3
Be7 21. Qd4 Bg6 22. Qxc5 dxc5 23. Rxd8 Bxd8 24. Rd1 f6 25. Bxe5 fxe5 26. Bc4+
Kf8 27. Rd7 b5 28. Bd5 Bg5 29. Nf5 Rd8 30. Rxd8+ Bxd8 31. Nd6 Bb1 32. Ne4 Bb6
33. Nd2 Bg6 34. Nf3 Bc7 35. Ng5 Ke7 36. Be4 Kd6 37. Bxg6 hxg6 38. Kf1 Kd5 39.
f3 a5 40. Ke2 b4 41. Kd2 Bd8 42. Ne4 c4 43. Kc2 Be7 44. Nd2 a4 45. Ne4 b3+ 46.
axb3 axb3+ 47. Kd2 Bd8 48. Ke2 Bb6 49. h4 Bd8 50. g3 Be7 51. Ke3 Bd8 52. Ke2
1/2-1/2

[Event "Obro International 2022"]
[Site "Copenhagen"]
[Date "2022.08.25"]
[Round "5.1"]
[White "Hillarp Persson, Tiger"]
[Black "Rozentalis, Eduardas"]
[Result "0-1"]
[WhiteElo "2514"]
[BlackElo "2493"]
[PlyCount "88"]
[EventDate "2022.08.22"]
[EventType "swiss"]
[EventRounds "9"]
[EventCountry "DEN"]

1. d4 Nf6 2. c4 e6 3. g3 d5 4. Nf3 dxc4 5. Bg2 Be7 6. O-O O-O 7. Qc2 a6 8. a4
Bd7 9. Qxc4 Bc6 10. Bg5 Bd5 11. Qc2 Be4 12. Qc1 h6 13. Bxf6 Bxf6 14. Nc3 Bxf3
15. Bxf3 c6 16. Rd1 a5 17. Kg2 Na6 18. h4 Qb6 19. e3 Rfd8 20. Ne4 Be7 21. Nd2
Nb4 22. Nc4 Qc7 23. e4 Rac8 24. b3 Bf6 25. e5 Be7 26. Be4 Rd7 27. Qe3 Qd8 28.
Qf3 b6 29. Rac1 b5 30. Ne3 bxa4 31. bxa4 Rxd4 32. Rxd4 Qxd4 33. Nf5 Qd8 34. Rd1
Nd5 35. Nd4 Bc5 36. Nc2 Qc7 37. Qh5 Nc3 38. Re1 Qd7 39. Qf3 Qd2 40. Rf1 Rd8 41.
Ne1 Nd1 42. Nd3 Ne3+ 43. Kg1 Nxf1 44. Nxc5 Nxg3 0-1

[Event "Obro International 2022"]
[Site "Copenhagen"]
[Date "2022.08.25"]
[Round "5.2"]
[White "Korley, Kassa"]
[Black "Thuesen, Mogens Henrik"]
[Result "1-0"]
[WhiteElo "2432"]
[BlackElo "2230"]
[PlyCount "67"]
[EventDate "2022.08.22"]
[EventType "swiss"]
[EventRounds "9"]
[EventCountry "DEN"]

1. Nf3 d5 2. g3 Nf6 3. Bg2 c5 4. O-O Nc6 5. d4 e6 6. c4 cxd4 7. cxd5 exd5 8.
Nxd4 Bc5 9. Nxc6 bxc6 10. Qc2 Bb6 11. Qxc6+ Bd7 12. Qd6 Rc8 13. Bg5 d4 14. Nd2
h6 15. Bxf6 Qxf6 16. Qxf6 gxf6 17. Be4 f5 18. Bd3 Be6 19. Rfc1 Ke7 20. Rxc8
Rxc8 21. f4 Kf6 22. Kf2 Ba5 23. Nf3 Rb8 24. b3 Bc3 25. Rd1 a5 26. Ne5 Ra8 27.
Bb5 Rc8 28. Bc4 a4 29. Bxe6 Kxe6 30. bxa4 Ra8 31. Rb1 Rxa4 32. Rb6+ Kd5 33. Nd3
Rxa2 34. Rf6 1-0

[Event "Obro International 2022"]
[Site "Copenhagen"]
[Date "2022.08.25"]
[Round "5.3"]
[White "Hamitevici, Vladimir"]
[Black "Loftgaard, Mikkel Vinh"]
[Result "1-0"]
[WhiteElo "2473"]
[BlackElo "2238"]
[PlyCount "67"]
[EventDate "2022.08.22"]
[EventType "swiss"]
[EventRounds "9"]
[EventCountry "DEN"]

1. d4 d5 2. Nf3 Nf6 3. Bf4 e6 4. e3 Bd6 5. Nbd2 Bxf4 6. exf4 c5 7. dxc5 Qc7 8.
g3 Qxc5 9. Bd3 Nc6 10. Nb3 Qd6 11. O-O O-O 12. Re1 b6 13. c3 Bb7 14. Nbd4 Nxd4
15. Nxd4 Ne4 16. Bc2 Qe7 17. Qh5 Qf6 18. f3 g6 19. Qe5 Qxe5 20. fxe5 Nc5 21.
Re3 Rac8 22. Rae1 h5 23. h3 Kg7 24. R1e2 Rh8 25. Rg2 h4 26. g4 g5 27. Rf2 Nd7
28. f4 gxf4 29. Rxf4 Ba6 30. Kf2 Nf8 31. Ref3 Rc7 32. Rf6 Nh7 33. Nxe6+ fxe6
34. Rg6# 1-0

[Event "Obro International 2022"]
[Site "Copenhagen"]
[Date "2022.08.25"]
[Round "5.4"]
[White "Nilssen, John Arni"]
[Black "Marchena Hurtado, Javier"]
[Result "1-0"]
[WhiteElo "2334"]
[BlackElo "2350"]
[PlyCount "57"]
[EventDate "2022.08.22"]
[EventType "swiss"]
[EventRounds "9"]
[EventCountry "DEN"]

1. d4 d5 2. c4 c6 3. Nc3 Nf6 4. e3 a6 5. Nf3 b5 6. c5 Nbd7 7. Qc2 g6 8. e4 dxe4
9. Nxe4 Bg7 10. a4 bxa4 11. Bc4 O-O 12. O-O Nxe4 13. Qxe4 Nf6 14. Qh4 a5 15.
Ne5 Qc7 16. Bf4 Qb7 17. Rxa4 Bf5 18. Bg5 Rac8 19. b3 Nd5 20. Bxd5 cxd5 21. Bxe7
Qxb3 22. Rxa5 Qb4 23. Bxf8 Bxe5 24. Bh6 Bxd4 25. Rfa1 Bxc5 26. Qxb4 Bxb4 27.
Ra8 Bf8 28. Rxc8 Bxc8 29. Bxf8 1-0

[Event "Obro International 2022"]
[Site "Copenhagen"]
[Date "2022.08.25"]
[Round "5.5"]
[White "Ravi, Rakshitta"]
[Black "Brynell, Stellan"]
[Result "1/2-1/2"]
[WhiteElo "2111"]
[BlackElo "2387"]
[PlyCount "61"]
[EventDate "2022.08.22"]
[EventType "swiss"]
[EventRounds "9"]
[EventCountry "DEN"]

1. e4 e6 2. d4 d5 3. Nc3 Bb4 4. exd5 exd5 5. Bd3 Nf6 6. Nge2 O-O 7. O-O Re8 8.
Ng3 c6 9. Nh5 g6 10. Ng3 Bf8 11. Bg5 Bg7 12. Qd2 Nbd7 13. Nce2 Nf8 14. f4 h6
15. Bxf6 Bxf6 16. f5 Bg5 17. Nf4 Qd6 18. Qf2 Bd7 19. Kh1 Bxf4 20. Qxf4 Qxf4 21.
Rxf4 Re7 22. fxg6 fxg6 23. Raf1 Be6 24. h4 h5 25. Ne2 Bg4 26. R4f2 Bxe2 27.
Rxe2 Rxe2 28. Bxe2 Re8 29. Bd3 Kg7 30. g3 Nd7 31. Rf2 1/2-1/2

[Event "Obro International 2022"]
[Site "Copenhagen"]
[Date "2022.08.25"]
[Round "5.6"]
[White "Hector, Jonny"]
[Black "Ramsdal, Jens Albert"]
[Result "1-0"]
[WhiteElo "2463"]
[BlackElo "2304"]
[PlyCount "49"]
[EventDate "2022.08.22"]
[EventType "swiss"]
[EventRounds "9"]
[EventCountry "DEN"]

1. e4 c5 2. Nf3 d6 3. d4 cxd4 4. Nxd4 Nf6 5. Nc3 Nc6 6. Bg5 e6 7. Qd2 a6 8.
O-O-O Bd7 9. f4 h6 10. Bh4 b5 11. Bxf6 gxf6 12. f5 h5 13. Kb1 Qb6 14. Nxc6 Bxc6
15. fxe6 fxe6 16. Qd3 Qc5 17. g3 O-O-O 18. a4 b4 19. Ne2 e5 20. Nc1 Kc7 21. Nb3
Qb6 22. a5 Qb7 23. Nc5 Bb5 24. Nxb7 Bxd3 25. Nxd8 1-0

[Event "Obro International 2022"]
[Site "Copenhagen"]
[Date "2022.08.25"]
[Round "5.7"]
[White "Rostgaard, Tobias Valentin"]
[Black "Hilwerda, Jonas"]
[Result "1-0"]
[WhiteElo "2332"]
[BlackElo "2273"]
[PlyCount "70"]
[EventDate "2022.08.22"]
[EventType "swiss"]
[EventRounds "9"]
[EventCountry "DEN"]

1. e4 c5 2. Nf3 Nc6 3. Bb5 g6 4. Bxc6 bxc6 5. O-O Bg7 6. Re1 Nf6 7. e5 Nd5 8.
c4 Nc7 9. d4 cxd4 10. Qxd4 Ne6 11. Qh4 d6 12. Nc3 dxe5 13. Nxe5 Qd4 14. Re4 Qd6
15. Nf3 Bf6 16. Qh6 Bg7 17. Qh4 Bf6 18. Qh6 Bg7 19. Qd2 O-O 20. Qe2 f5 21. Re3
Bf6 22. Rd3 Nf4 23. Bxf4 Qxf4 24. b3 e5 25. g3 Qg4 26. Rd2 e4 27. Nd4 Qg5 28.
Qe3 Qh5 29. Nxc6 Bb7 30. Rd6 Bxc6 31. Rxc6 Rad8 32. Rxf6 Rxf6 33. Nd5 Rxd5 34.
cxd5 f4 35. Qxe4 f3 1-0

[Event "Obro International 2022"]
[Site "Copenhagen"]
[Date "2022.08.25"]
[Round "5.8"]
[White "Kistrup, Nicolai"]
[Black "Schmidt, Kristen"]
[Result "1/2-1/2"]
[WhiteElo "2308"]
[BlackElo "2273"]
[PlyCount "61"]
[EventDate "2022.08.22"]
[EventType "swiss"]
[EventRounds "9"]
[EventCountry "DEN"]

1. d4 Nf6 2. c4 g6 3. Nc3 Bg7 4. e4 d6 5. Be2 O-O 6. Be3 Na6 7. h4 c5 8. d5 e6
9. dxe6 Bxe6 10. Qd2 Qb6 11. Rc1 Rfe8 12. h5 Nb4 13. hxg6 fxg6 14. Nh3 Nc6 15.
Ng5 Nd4 16. Nxe6 Rxe6 17. Bxd4 cxd4 18. Nd5 Nxd5 19. exd5 Re7 20. O-O Bh6 21.
Qxh6 Rxe2 22. Rce1 Rae8 23. Rxe2 Rxe2 24. Qh3 Qd8 25. Qd3 Rxb2 26. Qxd4 Qb6 27.
Qe4 Rxa2 28. Qe8+ Kg7 29. Qe7+ Kg8 30. Qe8+ Kg7 31. Qe4 1/2-1/2

[Event "Obro International 2022"]
[Site "Copenhagen"]
[Date "2022.08.25"]
[Round "6.1"]
[White "Rozentalis, Eduardas"]
[Black "Hamitevici, Vladimir"]
[Result "1/2-1/2"]
[WhiteElo "2493"]
[BlackElo "2473"]
[PlyCount "128"]
[EventDate "2022.08.22"]
[EventType "swiss"]
[EventRounds "9"]
[EventCountry "DEN"]

1. e4 c6 2. Nf3 d5 3. d3 g6 4. Nbd2 Bg7 5. g3 e5 6. Bg2 Ne7 7. O-O O-O 8. c3 h6
9. Re1 Nd7 10. d4 exd4 11. Nxd4 Nc5 12. Qe2 dxe4 13. Nxe4 Nxe4 14. Qxe4 Nd5 15.
a4 a5 16. Qe2 h5 17. Bd2 Bg4 18. Qc4 Qb6 19. b3 Rad8 20. h3 Bc8 21. Re4 c5 22.
Nb5 Nf6 23. Bg5 Be6 24. Rxe6 Qxe6 25. Qxe6 fxe6 26. Re1 Kf7 27. Bxb7 Rd3 28.
Re2 Rb8 29. Bc6 c4 30. bxc4 Rc8 31. Be4 Rd1+ 32. Kg2 Rxc4 33. Bc2 Rd7 34. Bxf6
Bxf6 35. Bb3 Rc6 36. h4 Rd3 37. Bc2 Rd8 38. Bb3 Bxc3 39. Na7 Rb6 40. Nb5 Rd2
41. Re4 Rb2 42. Bc4 Bf6 43. Nc7 R2b4 44. Bxe6+ Rxe6 45. Rxe6 Rc4 46. Ra6 Rxc7
47. Rxa5 Rc2 48. Rd5 Ra2 49. Rd3 Rxa4 50. Rf3 Ke6 51. Re3+ Kd5 52. Rf3 Ke6 53.
Re3+ Kf7 54. Rf3 Ra5 55. Rf4 Ke6 56. Re4+ Re5 57. Rxe5+ Kxe5 58. Kh3 Kf5 59. f3
Bc3 60. g4+ hxg4+ 61. fxg4+ Kf4 62. g5 Be1 63. h5 Kxg5 64. hxg6 Kxg6 1/2-1/2

[Event "Obro International 2022"]
[Site "Copenhagen"]
[Date "2022.08.25"]
[Round "6.2"]
[White "Korley, Kassa"]
[Black "Hillarp Persson, Tiger"]
[Result "0-1"]
[WhiteElo "2432"]
[BlackElo "2514"]
[PlyCount "92"]
[EventDate "2022.08.22"]
[EventType "swiss"]
[EventRounds "9"]
[EventCountry "DEN"]

1. Nf3 c5 2. g3 Nf6 3. Bg2 d5 4. O-O h5 5. c4 d4 6. b4 cxb4 7. a3 bxa3 8. Bxa3
Nc6 9. d3 g6 10. Nbd2 Bh6 11. Nb3 O-O 12. Bc5 e5 13. Bxf8 Kxf8 14. Qb1 Kg8 15.
Qb2 Qc7 16. Rfb1 a5 17. Nfd2 h4 18. Ne4 Nxe4 19. Bxe4 Bf8 20. Qd2 Bb4 21. Qh6
hxg3 22. hxg3 Bf8 23. Qh1 Bb4 24. Qh6 Bf8 25. Qh4 Be7 26. Qh1 Kg7 27. Nd2 Nb4
28. Qg2 Rb8 29. Kh2 b6 30. Rh1 Bh3 31. Qg1 Rh8 32. Qd1 f5 33. Bg2 Nxd3 34. Kg1
Bxg2 35. Rxh8 Kxh8 36. Kxg2 Nc5 37. Qh1+ Kg7 38. Qh3 Qb7+ 39. Nf3 Bf6 40. Rh1
Kg8 41. Kg1 e4 42. Nh4 d3 43. exd3 exd3 44. Nxg6 d2 45. Qh5 Nd3 46. Rh4 Nb2 0-1

[Event "Obro International 2022"]
[Site "Copenhagen"]
[Date "2022.08.25"]
[Round "6.3"]
[White "Nilssen, John Arni"]
[Black "Ravi, Rakshitta"]
[Result "0-1"]
[WhiteElo "2334"]
[BlackElo "2111"]
[PlyCount "82"]
[EventDate "2022.08.22"]
[EventType "swiss"]
[EventRounds "9"]
[EventCountry "DEN"]

1. d4 Nf6 2. c4 e6 3. Nc3 Bb4 4. g3 O-O 5. Bg2 d5 6. a3 Bxc3+ 7. bxc3 dxc4 8.
a4 Nc6 9. Nf3 Na5 10. Ba3 Re8 11. Nd2 e5 12. dxe5 Rxe5 13. Bb4 Bg4 14. Nf3 Rd5
15. Nd2 Nb3 16. Bxd5 Qxd5 17. f3 Nxa1 18. Qxa1 Re8 19. Kd1 Rxe2 20. Kxe2 Qd3+
21. Ke1 Qe3+ 22. Kd1 Bxf3+ 23. Kc2 Qd3+ 24. Kc1 Bxh1 25. Qb1 Qe3 26. Qf5 Bc6
27. Qc8+ Ne8 28. Qd8 Bxa4 29. Kb2 Qd3 30. Qxd3 cxd3 31. c4 b6 32. Be7 f5 33.
Kc3 Kf7 34. Bg5 Bc2 35. h4 Nf6 36. Kd4 c5+ 37. Ke5 a5 38. Kxf5 a4 39. Bf4 Nd7
40. Ne4 a3 41. Nc3 d2+ 0-1

[Event "Obro International 2022"]
[Site "Copenhagen"]
[Date "2022.08.25"]
[Round "6.4"]
[White "Hector, Jonny"]
[Black "Rostgaard, Tobias Valentin"]
[Result "1-0"]
[WhiteElo "2463"]
[BlackElo "2332"]
[PlyCount "123"]
[EventDate "2022.08.22"]
[EventType "swiss"]
[EventRounds "9"]
[EventCountry "DEN"]

1. e4 e5 2. Nf3 Nc6 3. Bc4 Nf6 4. d4 exd4 5. Ng5 d5 6. exd5 Na5 7. Be2 Qxd5 8.
O-O Be7 9. Na3 Bxa3 10. bxa3 O-O 11. c3 h6 12. Nf3 dxc3 13. Qc2 Qc5 14. Be3
Qxa3 15. Bd4 Qb2 16. Qd3 Re8 17. Rae1 Be6 18. Bxf6 gxf6 19. Nd4 Qd2 20. Qg3+
Qg5 21. Qxc3 b6 22. Qxc7 Qe5 23. Nb5 Bd5 24. Qc1 Qg5 25. Qxg5+ fxg5 26. Nc7
Bxa2 27. Nxa8 Rxa8 28. f4 Rd8 29. fxg5 hxg5 30. Rf5 Rd5 31. Ref1 Rxf5 32. Rxf5
Nc6 33. Rxg5+ Kh8 34. Bf3 Ne7 35. Re5 Be6 36. Re1 Nc8 37. Ra1 a5 38. Rb1 a4 39.
Bb7 a3 40. Bxc8 Bxc8 41. Ra1 Be6 42. Rxa3 b5 43. Ra8+ Kh7 44. Rb8 Bc4 45. Rb6
Kg7 46. Kf2 Kh7 47. Ke3 Kg7 48. Kf4 Kh7 49. Kg5 Kg7 50. g3 Bd3 51. Kf4 Bc4 52.
g4 Bf1 53. h4 Bc4 54. h5 Be2 55. h6+ Kh7 56. g5 Bc4 57. Ke5 Bd3 58. Kf6 Bc4 59.
Rb7 Kg8 60. g6 fxg6 61. h7+ Kh8 62. Kxg6 1-0

[Event "Obro International 2022"]
[Site "Copenhagen"]
[Date "2022.08.25"]
[Round "6.5"]
[White "Brynell, Stellan"]
[Black "Thuesen, Mogens Henrik"]
[Result "1-0"]
[WhiteElo "2387"]
[BlackElo "2230"]
[PlyCount "71"]
[EventDate "2022.08.22"]
[EventType "swiss"]
[EventRounds "9"]
[EventCountry "DEN"]

1. d4 d5 2. Nf3 c6 3. c4 e6 4. g3 dxc4 5. Bg2 b5 6. O-O a5 7. Ne5 Ra7 8. Bxc6+
Nxc6 9. Nxc6 Qb6 10. Nxa7 Qxa7 11. b3 cxb3 12. axb3 Nf6 13. Qd3 Bd7 14. e4 h5
15. Bd2 b4 16. Bg5 Qb7 17. Re1 Bb5 18. Qc2 Be7 19. Nd2 O-O 20. Rxa5 Bd8 21.
Raa1 Bb6 22. Bxf6 gxf6 23. Nf3 Rc8 24. Qd2 Rc3 25. Re3 e5 26. Rd1 Qc8 27. Rxc3
bxc3 28. Qc2 Qg4 29. Kg2 Bd7 30. dxe5 Qh3+ 31. Kg1 Bg4 32. Rd3 fxe5 33. Ng5 Bd1
34. Qxd1 Bxf2+ 35. Kh1 Qg4 36. Qxg4 1-0